Nonlinear functional analysis and its applications : (Record no. 30118)

000 -LEADER
fixed length control field 00628 a2200181 4500
020 ## - INTERNATIONAL STANDARD BOOK NUMBER
International Standard Book Number 038790915X
020 ## - INTERNATIONAL STANDARD BOOK NUMBER
International Standard Book Number 9780387909158
082 04 - DEWEY DECIMAL CLASSIFICATION NUMBER
Classification number 515.7
090 ## - LOCALLY ASSIGNED LC-TYPE CALL NUMBER (OCLC); LOCAL CALL NUMBER (RLIN)
-- 1507
-- 1507
100 1# - MAIN ENTRY--PERSONAL NAME
Personal name Zeidler, E.
245 10 - TITLE STATEMENT
Title Nonlinear functional analysis and its applications :
Remainder of title part 3 :
-- variational methods and optimization /
Statement of responsibility, etc. E. Zeidler, L.F. Boron.
250 ## - EDITION STATEMENT
Edition statement 1st ed.
260 ## - PUBLICATION, DISTRIBUTION, ETC.
Place of publication, distribution, etc. [S.l.] :
Name of publisher, distributor, etc. Springer,
Date of publication, distribution, etc. 1984.
300 ## - PHYSICAL DESCRIPTION
Extent 688 p. ;
Dimensions 24 cm.
700 1# - ADDED ENTRY--PERSONAL NAME
Personal name Boron, L.F.
942 ## - ADDED ENTRY ELEMENTS (KOHA)
Institution code [OBSOLETE] SNS
Koha item type Book
Call number prefix 515.7 ZEI
Holdings
Withdrawn status Lost status Damaged status Not for loan Permanent Location Current Location Date acquired Total Checkouts Full call number Barcode Date last seen Price effective from Koha item type
        School of Natural Sciences (SNS) School of Natural Sciences (SNS) 05/26/2016   515.7 ZEI SNS0000630 05/26/2016 05/26/2016 Book
© 2023 Central Library, National University of Sciences and Technology. All Rights Reserved.